Geotechnical earthquake engineering
Guardat en:
| Autor principal: | |
|---|---|
| Format: | Llibre |
| Publicat: |
Essex, England:
Pearson,
2014.
|
| Edició: | Pearson New International Edition. |
| Matèries: | |
| Etiquetes: |
Afegir etiqueta
Sense etiquetes, Sigues el primer a etiquetar aquest registre!
|
MARC
| LEADER | 00000nam a22000007a 4500 | ||
|---|---|---|---|
| 003 | CL-VaPUC | ||
| 005 | 20240108160512.0 | ||
| 008 | 231207t2014 ||||| |||| 00| 0 eng d | ||
| 999 | |c 442703 |d 442701 | ||
| 020 | |a 978-1-292-04267-1 | ||
| 040 | |c Pontificia Universidad Católica de Valparaíso | ||
| 082 | 0 | 4 | |a 624.151 KRA 2014 |2 21 |
| 100 | 0 | |a Kramer, Steven L |e author |9 599080 | |
| 245 | 1 | 0 | |a Geotechnical earthquake engineering |
| 250 | |a Pearson New International Edition. | ||
| 260 | |a Essex, England: |b Pearson, |c 2014. | ||
| 300 | |a xviii, 653 páginas. | ||
| 583 | |k GC |c 20231207 | ||
| 650 | 0 | |a Ingeniería sísmica |9 262652 | |
| 650 | 0 | |a Dinámica estructural |9 260388 | |
| 650 | 0 | |a Dinámica de suelos |9 262654 | |
| 942 | |c BK |2 ddc | ||
| 952 | |0 0 |1 0 |2 ddc |4 0 |6 624_151000000000000_KRA_2014 |7 0 |8 A |9 592797 |a BIBING |b BIBING |c GEN |d 2023-12-07 |e 1 |g 79111.31 |i 5659775 |o 624.151 KRA 2014 |p 5659775 |r 2025-01-20 |t 1 |v 79111.31 |w 2023-12-07 |y BK |k CIC | ||
| 952 | |0 0 |1 0 |2 ddc |4 0 |6 624_151000000000000_KRA_2014 |7 0 |8 A |9 592798 |a BIBING |b BIBING |c GEN |d 2023-12-07 |e 1 |g 79111.31 |i 5659776 |o 624.151 KRA 2014 |p 5659776 |r 2025-01-20 |t 2 |v 79111.31 |w 2023-12-07 |y BK |k CIC | ||